Applicaton Architecture for Net: Designing Applicatons and Services (Record no. 27365)

MARC details
000 -LEADER
fixed length control field 00351nam a2200133Ia 4500
020 ## - INTERNATIONAL STANDARD BOOK NUMBER
ISBN 0-7356-1837-2
245 #0 - TITLE STATEMENT
Title Applicaton Architecture for Net: Designing Applicatons and Services
260 ## - PUBLICATION, DISTRIBUTION, ETC. (IMPRINT)
Year of publication 2002
300 ## - PHYSICAL DESCRIPTION
Number of Pages 157 p
650 ## - SUBJECT ADDED ENTRY--TOPICAL TERM
Topical Term Designing Apllication
942 ## - ADDED ENTRY ELEMENTS (KOHA)
Koha item type Books
Holdings
Withdrawn status Lost status Source of classification or shelving scheme Damaged status Not for loan Permanent Location Current Location Date acquired Accession Number Price effective from Koha item type
    Library of Congress Classification     NILE UNIVERSITY OF NIGERIA - MAIN LIBRARY NILE UNIVERSITY OF NIGERIA - MAIN LIBRARY 04/23/2025 0001221 04/23/2025 Books